000 00784nam a2200241Ia 4500
003 GCL
008 140319s9999 xx 000 0 ara d
040 _aGCL /
_cGCL
082 0 4 _a301.42
_bع ا
100 1 _aعلياء على شكرى
_vContributor
_@
…شارك
245 1 0 _aالاتجاهات المعاصرة فى دراسة الاسرة /
_cعلياء على شكرى
260 _a[S.N] :
_bدار المعرفة الجامعية ،
_c1994
300 _a344 ص
490 _aسلسلة علم الاجتماع المعاصر
_v0
650 0 4 _aالعلم
650 0 4 _aالاسرة
650 0 4 _aالطلاق
650 0 4 _aالزواج
650 0 4 _aالعلاقات الاسرية
650 0 4 _aالاجتماع
650 0 4 _aتفكك
942 _2ddc
_cBK
999 _c55756
_d55756